000 01452cam a2200301 4500500
005 20260111092943.0
041 _afre
042 _adc
100 1 0 _aMattheeuws, Alain
_eauthor
245 0 0 _aLe personnalisme au service de la famille
260 _c2017.
500 _a98
520 _aPersonalism at the service of the family. K. Wojtyła, Family and communion of persons (2016) First lines — A philosopher and theologian, pastor and saint, John Paul ii always provides abundant matter for reading and reflection. By this translation of two articles published in Polish in 1974, in the wake of the encyclical Humanae vitae (1968), but primarily inspired by the conciliar experience and especially by Gaudium et spes, we discover, in a solid form, without argumentative frills, the essential theses which characterise his personalism and his vision of marriage. (...)
690 _afamille
690 _aGaudium et spes
690 _aHumanae vitae
690 _aKarol Wojtyła
690 _apersonnalisme
690 _aunion et procréation
690 _afamily
690 _aGaudium et spes
690 _aHumanae vitae
690 _aKarol Wojtyła
690 _apersonalism
690 _aunion and procreation
786 0 _nNouvelle revue théologique | 139 | 3 | 2017-06-02 | p. 453-461 | 0029-4845
856 4 1 _uhttps://shs.cairn.info/revue-nouvelle-revue-theologique-2017-3-page-453?lang=fr&redirect-ssocas=7080
999 _c1624951
_d1624951